| 000 -LEADER |
| fixed length control field |
02071cam a2200529 a 4500 |
| 001 - CONTROL NUMBER |
| control field |
00236437 |
| 003 - CONTROL NUMBER IDENTIFIER |
| control field |
OCoLC |
| 005 - DATE AND TIME OF LATEST TRANSACTION |
| control field |
20190729145057.0 |
| 008 - FIXED-LENGTH DATA ELEMENTS--GENERAL INFORMATION |
| fixed length control field |
120704s2010 nyuab d 000 f eng c |
| 020 ## - INTERNATIONAL STANDARD BOOK NUMBER |
| International Standard Book Number |
9781416971740 (pbk.) : |
| 020 ## - INTERNATIONAL STANDARD BOOK NUMBER |
| International Standard Book Number |
1416971742 (pbk.) : |
| 035 ## - SYSTEM CONTROL NUMBER |
| System control number |
ocn652826805 |
| 035 ## - SYSTEM CONTROL NUMBER |
| System control number |
(OCoLC)652826805 |
| 040 ## - CATALOGING SOURCE |
| Original cataloging agency |
UAH |
| Language of cataloging |
eng |
| Transcribing agency |
UAH |
| Modifying agency |
WAU |
| -- |
YDXCP |
| -- |
GO3 |
| -- |
RS |
| -- |
OCLCQ |
| -- |
BDX |
| 042 ## - AUTHENTICATION CODE |
| Authentication code |
nbic |
| 049 ## - LOCAL HOLDINGS (OCLC) |
| Holding library |
C5MA |
| 082 04 - DEWEY DECIMAL CLASSIFICATION NUMBER |
| Classification number |
FIC WES |
| Edition number |
22 |
| 100 1# - MAIN ENTRY--PERSONAL NAME |
| Personal name |
Westerfeld, Scott. |
| Relator term |
author |
| 245 10 - TITLE STATEMENT |
| Title |
Leviathan / |
| Statement of responsibility, etc. |
written by Scott Westerfeld ; illustrated by Keith Thompson. |
| 250 ## - EDITION STATEMENT |
| Edition statement |
1st Simon Pulse pbk. ed. |
| 260 ## - PUBLICATION, DISTRIBUTION, ETC. |
| Place of publication, distribution, etc. |
New York : |
| Name of publisher, distributor, etc. |
Simon Pulse, |
| Date of publication, distribution, etc. |
[2010] |
| 300 ## - PHYSICAL DESCRIPTION |
| Extent |
440 p. : |
| Other physical details |
ill., map ; |
| Dimensions |
21 cm. |
| 490 1# - SERIES STATEMENT |
| Series statement |
Leviathan trilogy. |
| 500 ## - GENERAL NOTE |
| General note |
Includes excerpt ([8] p.) from the second book in the Leviathan trilogy: Behemoth. |
| 520 ## - SUMMARY, ETC. |
| Summary, etc. |
In an alternate 1914 Europe, fifteen-year-old Austrian Prince Alek, on the run from the Clanker Powers who are attempting to take over the globe using mechanical machinery, forms an uneasy alliance with Deryn who, disguised as a boy to join the British Air Service, is learning to fly genetically engineered beasts. |
| 521 1# - TARGET AUDIENCE NOTE |
| Target audience note |
Ages 12 up. |
| 526 0# - STUDY PROGRAM INFORMATION NOTE |
| Program name |
Accelerated Reader/Renaissance Learning |
| Interest level |
MG |
| Reading level |
5.3 |
| Title point value |
12. |
| 586 8# - AWARDS NOTE |
| Awards note |
A Junior Library Guild selection. |
| 650 #0 - SUBJECT ADDED ENTRY--TOPICAL TERM |
| Topical term or geographic name entry element |
Animals, Mythical |
| Form subdivision |
Juvenile fiction. |
| 650 #0 - SUBJECT ADDED ENTRY--TOPICAL TERM |
| Topical term or geographic name entry element |
Princes |
| Form subdivision |
Juvenile fiction. |
| 650 #0 - SUBJECT ADDED ENTRY--TOPICAL TERM |
| Topical term or geographic name entry element |
Genetic engineering |
| Form subdivision |
Juvenile fiction. |
| 650 #1 - SUBJECT ADDED ENTRY--TOPICAL TERM |
| Topical term or geographic name entry element |
Science fiction. |
| 650 #1 - SUBJECT ADDED ENTRY--TOPICAL TERM |
| Topical term or geographic name entry element |
Imaginary creatures |
| Form subdivision |
Fiction. |
| 650 #1 - SUBJECT ADDED ENTRY--TOPICAL TERM |
| Topical term or geographic name entry element |
Princes |
| Form subdivision |
Fiction. |
| 650 #1 - SUBJECT ADDED ENTRY--TOPICAL TERM |
| Topical term or geographic name entry element |
Genetic engineering |
| Form subdivision |
FIction. |
| 650 #1 - SUBJECT ADDED ENTRY--TOPICAL TERM |
| Topical term or geographic name entry element |
War |
| Form subdivision |
Fiction. |
| 655 #0 - INDEX TERM--GENRE/FORM |
| Genre/form data or focus term |
Steampunk fiction. |
| 655 #0 - INDEX TERM--GENRE/FORM |
| Genre/form data or focus term |
War stories. |
| 655 #0 - INDEX TERM--GENRE/FORM |
| Genre/form data or focus term |
Young adult fiction. |
| 655 #4 - INDEX TERM--GENRE/FORM |
| Genre/form data or focus term |
Science fiction |
| Form subdivision |
Juvenile. |
| 655 #4 - INDEX TERM--GENRE/FORM |
| Genre/form data or focus term |
Steampunk fiction |
| Form subdivision |
Juvenile. |
| 655 #4 - INDEX TERM--GENRE/FORM |
| Genre/form data or focus term |
War stories |
| Form subdivision |
Juvenile. |
| 655 #7 - INDEX TERM--GENRE/FORM |
| Genre/form data or focus term |
Science fiction. |
| Source of term |
lcgft. |
| 700 1# - ADDED ENTRY--PERSONAL NAME |
| Personal name |
Thompson, Keith, |
| Dates associated with a name |
1982- |
| Relator term |
illustrator |
| 700 12 - ADDED ENTRY--PERSONAL NAME |
| Personal name |
Westerfeld, Scott. |
| Title of a work |
Behemoth. |
| Form subheading |
Selections. |
| 942 ## - ADDED ENTRY ELEMENTS (KOHA) |
| Source of classification or shelving scheme |
|
| Koha item type |
Books - Fiction |